000 00369nam a2200121Ia 4500
008 220204s9999 xx 000 0 und d
082 _a581.1
_bANN.42
245 0 _aAnnual review of plant physiology and plant molecular biology. V 42. 1991
260 _aCalifornia
_bAnnual Reviews
_c1991
650 _aPlant molecular biology
650 _aPlant physiology
942 _cBK
999 _c44978
_d44978